| 000 | 01577nam a2200397 c 4500 | ||
|---|---|---|---|
| 999 |
_c159571 _d159571 |
||
| 003 | BLK | ||
| 005 | 20221005143619.0 | ||
| 008 | 180410b bul|||||r ||||||| ||bul|| | ||
| 010 | _aKNG00166743000 | ||
| 040 | _aBLK | ||
| 041 |
_aBUL _cBUL |
||
| 072 | 7 |
_2bullib _aК _xКраезнание |
|
| 080 |
_aИкономическо положение. Икономическа политика. Управление. Планиране. Производство. Услуги. Цени _b338 _x:914.972(497.21-37) _z338:914.972(497.21-37) |
||
| 139 |
_aСелищна система Бяла _bС 31 |
||
| 245 | 1 | 0 |
_aСелищна система Бяла _cсъстав. Анна Илиева; авт. на текста Ана Пачалиева. |
| 257 | _aBGR | ||
| 260 |
_bБулгарреклама _c1987 _fСофия : Офсетграфик |
||
| 300 |
_a64 с. _bс ил. _c23 см |
||
| 380 | _a3 | ||
| 500 | _a2 000 тир. | ||
| 650 | 4 |
_aОбщини - България _9266067 |
|
| 650 | 4 |
_aОбщини - Русенска област _9334536 |
|
| 651 | 4 |
_aБългария _9241624 |
|
| 651 | 4 |
_aБяла _9178686 |
|
| 653 | _aобщини | ||
| 653 | _aБяла | ||
| 653 | _aкметства | ||
| 659 | _aК | ||
| 700 | 1 |
_aИлиева, Анна _9377542 |
|
| 700 | 1 |
_aПачалиева, Ана _eавт. на текста _9334535 |
|
| 852 | _aЦб 165145 | ||
| 852 | _aК 338/С 31 | ||
| 856 | 4 | _qpdf | |
| 856 | 4 | _qpdf | |
| 942 |
_cKNG _n0 _s1 |
||
| 944 |
_aCR _c30.10.2014 _l30.10.2014 - от С1,Р / 30.10.2014 _kВаля_Йорданова |
||
| 944 |
_aED _c30.10.2014 _l30.10.2014 - от С1,Р / 30.10.2014 |
||
| 999 | _d159571 | ||